000 01175cam a2200241 4500
001 WB@3612-380
008 040909n2004 000 0 eng u
035 _a(Sirsi) u127301
245 _aInterim household projections
260 _c2004
490 _aODPM News Release
_v(2004/0206) 8 September 2004 (2)
520 _aThe ODPM has published interim projections of the number of households (2002-based) for England to 2021. The figures indicate that an additional 189 000 households are likely to form each year to 2021 if demographic trends continue and housing supply is unconstrained. This compares to 150 000 as predicted in the 1996-based projections. The statistics are interim as the projections will be fully updated in 2005 to take into account 2003-based projections and household formation rates from the 2001 census. Full details are available from the website. http://www.odpm.gov.uk/pns/DisplayPN.cgi?pn_id=200 4_0206
590 _aWB
590 _aWB
650 _aPOPULATION
650 _aENGLAND
650 _aHOUSEHOLDS
650 _aHOUSING DEMAND
650 _aDEMOGRAPHICS
650 _aSTATISTICS
690 _aHOUSING
942 _n0
999 _c117980
_d117980